| 000 | 00794nam a22001575i 4500 | ||
|---|---|---|---|
| 001 | 156889 | ||
| 003 | ES-MaACL | ||
| 005 | 20230906210526.0 | ||
| 008 | 950206s1897 sp |||| | spa d | ||
| 040 | _aGA | ||
| 100 | 1 |
_aLago de Lanzós, C. _9128591 |
|
| 245 | 1 | 3 |
_aEl material naval extranjero _b: planchas de protección y proyectiles de acero cromado : documentos oficiales y breves consideraciones sobre la gestion cerca del Ministerio de Marina... del representante militar en España de los... propietarios de las Aceries et Forges d'Unieux (Loire) / _cC. Lago de Lanzós. |
| 260 |
_aFerrol : _b[s.n.], _c1897 ( _fImprenta de ¸El Eco Ferrolano¸) |
||
| 300 |
_a48 p. ; _c21 cm. |
||
| 852 |
_aES-MaACL _jT-850-F-2 _z-- Enc. hol., conservando la cub. original _z-- Enc. en un vol. facticio |
||
| 999 |
_c156889 _d156889 |
||